000 00994cam a22002892 4500
001 0000003727
005 20151217151931.0
008 070514s xx 000 0 eng d
020 _a052124952X :
_cKES 690
020 _a0521270952 (pbk)
040 _aKABU
_cKABU
050 0 _aQC37
_b.S68 1985
100 1 _aSquires, Gordon Leslie.
_@0000153829
245 1 0 _aPractical physics /
_cG. L. Squires.
250 _a3rd ed.
260 _aCambridge[Cambridgeshire] ;
_aNew York :
_bCambridge University Press,
_c1985.
300 _axi, 213 p. :
_bill. ;
_c24 cm.
650 0 _aPhysics
_xExperiments.
_@0000153830
650 0 _aPhysics
_xMethodology.
_@0000153831
908 _a070514
950 _@1
999 _c6476
_d6476